| 000 | 00640nam a2200217 i 4500 | ||
|---|---|---|---|
| 001 | 172517 | ||
| 003 | ES-MaACL | ||
| 005 | 20230906214936.0 | ||
| 008 | 090714s1999 fr |||| | fre d | ||
| 020 | _a2-277-30306-2 | ||
| 080 | _a929 Trenet, Charles | ||
| 100 | 1 |
_aBussy, Pascal. _9141078 |
|
| 245 | 1 | 0 |
_aCharles Trenet / _cPascal Bussy. |
| 260 |
_a[Paris] : _bE. J. L., _c[1999] |
||
| 300 |
_a87 p. ; _c21 cm. |
||
| 490 | 1 | _aLibrio musique | |
| 600 | 1 | 4 |
_aTrenet, Charles. _9139345 |
| 830 | 0 |
_aLibrio musique _9223348 |
|
| 852 |
_aES-MaACL _jE-12835 _9R.139217 _z.- Biblioteca Jacinto MartÃnez Lacalle |
||
| 999 |
_c172517 _d172517 |
||